[Event "ODJM B 2025"]
[Site "Willingen GER"]
[Date "2025.06.10"]
[Round "4"]
[White "Tabales, Lennart"]
[Black "Berger, Friedrich Richard"]
[Result "1-0"]
[Termination "normal"]
[Board "11"]
[WhiteElo "1775"]
[BlackElo "1723"]
[WhiteClock "00:06:02"]
[BlackClock "00:06:11"]
[PlyCount "105"]
[WhiteFideId "34604057"]
[BlackFideId "34663169"]
[EventCountry "GER"]
[EventRounds "9"]
[EventType "swiss"]
[EventDate "2025.06.07"]

1. e4 {[%clk 01:30:57]} {[%emt 00:00:02]} e5 {[%clk 01:30:53]} {[%emt
00:00:07]} 2. Nf3 {[%clk 01:31:19]} {[%emt 00:00:08]} Nc6 {[%clk 01:31:13]}
{[%emt 00:00:11]} 3. Bc4 {[%clk 01:31:44]} {[%emt 00:00:05]} Bc5 {[%clk
01:31:36]} {[%emt 00:00:07]} 4. c3 {[%clk 01:32:09]} {[%emt 00:00:05]} Nf6
{[%clk 01:31:47]} {[%emt 00:00:19]} 5. d3 {[%clk 01:32:35]} {[%emt 00:00:04]}
a6 {[%clk 01:31:36]} {[%emt 00:00:42]} 6. Bb3 {[%clk 01:32:46]} {[%emt
00:00:18]} d6 {[%clk 01:31:47]} {[%emt 00:00:19]} 7. O-O {[%clk 01:33:10]}
{[%emt 00:00:06]} O-O {[%clk 01:31:04]} {[%emt 00:01:13]} 8. Nbd2 {[%clk
01:33:35]} {[%emt 00:00:04]} Ba7 {[%clk 01:30:16]} {[%emt 00:01:19]} 9. h3
{[%clk 01:30:21]} {[%emt 00:03:44]} h6 {[%clk 01:25:38]} {[%emt 00:05:08]} 10.
Re1 {[%clk 01:29:21]} {[%emt 00:01:30]} Ne7 {[%clk 01:23:27]} {[%emt 00:02:41]}
11. Nf1 {[%clk 01:27:54]} {[%emt 00:01:56]} Ng6 {[%clk 01:23:09]} {[%emt
00:00:48]} 12. Ng3 {[%clk 01:25:40]} {[%emt 00:02:44]} c5 {[%clk 01:17:34]}
{[%emt 00:06:06]} 13. Be3 {[%clk 01:15:57]} {[%emt 00:10:13]} b5 {[%clk
01:14:07]} {[%emt 00:03:58]} 14. d4 {[%clk 01:06:07]} {[%emt 00:10:20]} c4
{[%clk 01:03:36]} {[%emt 00:11:00]} 15. Bc2 {[%clk 01:05:43]} {[%emt 00:00:52]}
Qc7 {[%clk 01:01:24]} {[%emt 00:02:44]} 16. Qd2 {[%clk 00:59:50]} {[%emt
00:06:22]} Kh7 {[%clk 00:41:31]} {[%emt 00:20:24]} 17. Nf5 {[%clk 00:57:38]}
{[%emt 00:02:41]} Ng8 {[%clk 00:40:04]} {[%emt 00:01:59]} 18. g4 {[%clk
00:51:45]} {[%emt 00:06:22]} f6 {[%clk 00:38:13]} {[%emt 00:02:21]} 19. h4
{[%clk 00:39:28]} {[%emt 00:12:47]} N6e7 {[%clk 00:31:03]} {[%emt 00:07:39]}
20. Kh2 {[%clk 00:31:49]} {[%emt 00:08:09]} Nxf5 {[%emt 00:02:28]} 21. gxf5
{[%clk 00:22:44]} {[%emt 00:09:33]} Bb7 {[%clk 00:23:39]} {[%emt 00:05:59]} 22.
Rg1 {[%clk 00:19:47]} {[%emt 00:03:26]} Rad8 {[%clk 00:21:43]} {[%emt
00:02:26]} 23. d5 {[%emt 00:04:00]} Bc8 {[%clk 00:19:32]} 24. Rg3 {[%clk
00:18:22]} {[%emt 00:01:07]} Bxe3 {[%clk 00:18:24]} {[%emt 00:01:39]} 25. fxe3
{[%clk 00:18:42]} {[%emt 00:00:09]} Rd7 {[%clk 00:17:12]} {[%emt 00:01:41]} 26.
Rag1 {[%clk 00:18:53]} {[%emt 00:00:19]} Rff7 {[%clk 00:16:32]} {[%emt
00:01:11]} 27. Qg2 {[%clk 00:18:05]} {[%emt 00:01:17]} Qa7 {[%clk 00:15:45]}
{[%emt 00:01:18]} 28. Kh1 {[%clk 00:12:00]} {[%emt 00:06:35]} a5 {[%clk
00:13:31]} {[%emt 00:02:44]} 29. Nh2 {[%clk 00:10:56]} {[%emt 00:01:33]} Rc7
{[%emt 00:02:25]} 30. Qf3 {[%clk 00:09:04]} {[%emt 00:02:19]} Bd7 {[%clk
00:09:32]} {[%emt 00:02:37]} 31. Bd1 {[%clk 00:03:04]} {[%emt 00:06:31]} Be8
{[%clk 00:09:07]} {[%emt 00:00:55]} 32. Qg2 {[%clk 00:03:14]} {[%emt 00:00:20]}
Rfe7 {[%clk 00:08:48]} {[%emt 00:00:48]} 33. Nf1 {[%clk 00:00:46]} {[%emt
00:02:59]} b4 {[%clk 00:07:47]} {[%emt 00:01:32]} 34. Bf3 {[%clk 00:00:50]}
{[%emt 00:00:25]} b3 {[%clk 00:04:40]} {[%emt 00:03:36]} 35. a3 {[%clk
00:01:15]} {[%emt 00:00:06]} a4 {[%clk 00:04:18]} {[%emt 00:00:52]} 36. Qe2
{[%clk 00:01:23]} {[%emt 00:00:21]} Qc5 {[%clk 00:03:32]} {[%emt 00:01:16]} 37.
Bh5 {[%clk 00:01:41]} {[%emt 00:00:12]} Qb5 {[%clk 00:03:16]} {[%emt 00:00:47]}
38. Nh2 {[%clk 00:01:41]} {[%emt 00:00:29]} Bxh5 {[%clk 00:03:15]} {[%emt
00:00:31]} 39. Qxh5 {[%clk 00:02:09]} {[%emt 00:00:02]} Qe8 {[%clk 00:03:23]}
{[%emt 00:00:23]} 40. Rxg7+ {[%emt 00:00:14]} Kh8 {[%clk 00:03:19]} {[%emt
00:00:32]} 41. Qxe8 {[%clk 00:02:22]} {[%emt 00:00:34]} Rxg7 {[%clk 00:03:34]}
{[%emt 00:00:15]} 42. Ng4 {[%clk 00:02:31]} {[%emt 00:00:20]} Kh7 {[%clk
00:03:12]} {[%emt 00:00:54]} 43. Qxa4 {[%clk 00:02:22]} {[%emt 00:00:38]} h5
{[%clk 00:03:25]} {[%emt 00:00:17]} 44. Nf2 {[%clk 00:02:36]} {[%emt 00:00:16]}
Rxg1+ {[%clk 00:03:48]} {[%emt 00:00:08]} 45. Kxg1 {[%clk 00:03:04]} {[%emt
00:00:01]} Rg7+ {[%clk 00:04:08]} {[%emt 00:00:10]} 46. Kf1 {[%clk 00:03:28]}
{[%emt 00:00:06]} Nh6 {[%clk 00:04:20]} {[%emt 00:00:19]} 47. Qxc4 {[%clk
00:03:49]} {[%emt 00:00:08]} Ng4 {[%clk 00:04:43]} {[%emt 00:00:08]} 48. Nxg4
{[%clk 00:04:10]} {[%emt 00:00:08]} Rxg4 {[%clk 00:05:09]} {[%emt 00:00:04]}
49. Qc7+ {[%clk 00:04:25]} {[%emt 00:00:15]} Kg8 {[%clk 00:05:14]} {[%emt
00:00:25]} 50. Qd8+ {[%clk 00:04:48]} {[%emt 00:00:07]} Kf7 {[%clk 00:05:38]}
{[%emt 00:00:07]} 51. Qd7+ {[%clk 00:05:14]} {[%emt 00:00:04]} Kg8 {[%clk
00:05:52]} {[%emt 00:00:14]} 52. Qe6+ {[%clk 00:05:38]} {[%emt 00:00:07]} Kh7
{[%clk 00:06:11]} {[%emt 00:00:11]} 53. Qf7+ {[%clk 00:06:02]} {[%emt
00:00:05]} 1-0

[Event "ODJM B 2025"]
[Site "Willingen GER"]
[Date "2025.06.10"]
[Round "4"]
[White "Schöne, Finn"]
[Black "Cilo, Seyyid"]
[Result "1-0"]
[Termination "normal"]
[Board "12"]
[WhiteElo "1843"]
[BlackElo "1717"]
[WhiteClock "00:02:17"]
[BlackClock "00:30:24"]
[PlyCount "149"]
[WhiteFideId "34623493"]
[BlackFideId "34615938"]
[EventCountry "GER"]
[EventRounds "9"]
[EventType "swiss"]
[EventDate "2025.06.07"]

1. d4 {[%clk 01:30:25]} {[%emt 00:00:34]} d5 {[%clk 01:30:56]} {[%emt
00:00:05]} 2. Nc3 {[%clk 01:30:43]} {[%emt 00:00:12]} Nf6 {[%clk 01:31:20]}
{[%emt 00:00:06]} 3. Bf4 {[%clk 01:31:08]} {[%emt 00:00:04]} e6 {[%clk
01:31:42]} {[%emt 00:00:09]} 4. Nb5 {[%clk 01:31:22]} {[%emt 00:00:15]} Bb4+
{[%clk 01:31:51]} {[%emt 00:00:21]} 5. c3 {[%clk 01:31:47]} {[%emt 00:00:05]}
Ba5 {[%clk 01:32:16]} {[%emt 00:00:06]} 6. b4 {[%clk 01:32:12]} {[%emt
00:00:05]} Bb6 {[%clk 01:32:31]} {[%emt 00:00:15]} 7. a4 {[%clk 01:32:05]}
{[%emt 00:00:36]} a5 {[%clk 01:32:41]} {[%emt 00:00:21]} 8. e3 {[%clk
01:30:44]} {[%emt 00:01:50]} O-O {[%clk 01:31:39]} {[%emt 00:01:32]} 9. Nf3
{[%clk 01:27:17]} {[%emt 00:03:58]} Nc6 {[%clk 01:28:49]} {[%emt 00:03:19]} 10.
Qb3 {[%clk 01:24:45]} {[%emt 00:03:02]} Qe7 {[%clk 01:22:34]} {[%emt 00:06:45]}
11. Rb1 {[%clk 01:17:43]} {[%emt 00:07:32]} axb4 {[%clk 01:15:17]} {[%emt
00:07:47]} 12. cxb4 {[%clk 01:17:41]} {[%emt 00:00:32]} Qxb4+ {[%clk 01:08:21]}
{[%emt 00:07:26]} 13. Qxb4 {[%clk 01:18:02]} {[%emt 00:00:09]} Nxb4 {[%clk
01:08:45]} {[%emt 00:00:07]} 14. Bxc7 {[%clk 01:07:34]} {[%emt 00:10:58]} Bxc7
{[%clk 01:06:23]} {[%emt 00:02:52]} 15. Nxc7 {[%clk 01:07:57]} {[%emt
00:00:07]} Rxa4 {[%clk 01:04:48]} {[%emt 00:02:05]} 16. Bb5 {[%clk 01:08:13]}
{[%emt 00:00:14]} Nc2+ {[%clk 01:04:17]} {[%emt 00:01:01]} 17. Kd1 {[%clk
01:08:10]} {[%emt 00:00:28]} Na3 {[%clk 01:00:48]} {[%emt 00:04:04]} 18. Bxa4
{[%clk 01:06:18]} {[%emt 00:02:22]} Nxb1 {[%clk 01:00:17]} {[%emt 00:01:00]}
19. Bc2 {[%clk 00:40:46]} {[%emt 00:26:02]} Nc3+ {[%clk 00:59:28]} {[%emt
00:01:20]} 20. Kd2 {[%clk 00:39:52]} {[%emt 00:01:22]} Nfe4+ {[%clk 00:58:08]}
{[%emt 00:01:51]} 21. Bxe4 {[%clk 00:40:20]} {[%emt 00:00:02]} Nxe4+ {[%clk
00:58:21]} {[%emt 00:00:18]} 22. Ke2 {[%clk 00:40:42]} {[%emt 00:00:06]} Bd7
{[%clk 00:57:58]} {[%emt 00:00:54]} 23. Ne5 {[%clk 00:40:52]} {[%emt 00:00:19]}
Ba4 {[%clk 00:57:23]} {[%emt 00:01:06]} 24. f3 {[%clk 00:39:18]} {[%emt
00:02:03]} Nd6 {[%clk 00:56:35]} {[%emt 00:01:19]} 25. Ra1 {[%clk 00:36:53]}
{[%emt 00:02:55]} b5 {[%clk 00:53:29]} {[%emt 00:03:37]} 26. Na6 {[%clk
00:36:00]} {[%emt 00:01:23]} Ra8 {[%clk 00:51:54]} {[%emt 00:02:04]} 27. Nc5
{[%clk 00:36:17]} {[%emt 00:00:13]} Nc4 {[%clk 00:50:05]} {[%emt 00:02:19]} 28.
Nxc4 {[%clk 00:35:22]} {[%emt 00:01:25]} dxc4 {[%clk 00:50:18]} {[%emt
00:00:18]} 29. Kd2 {[%clk 00:35:04]} {[%emt 00:00:47]} g6 {[%clk 00:43:19]}
{[%emt 00:07:29]} 30. Kc3 {[%clk 00:33:39]} {[%emt 00:01:55]} Rb8 {[%clk
00:41:08]} {[%emt 00:02:42]} 31. e4 {[%clk 00:20:06]} {[%emt 00:14:02]} b4+
{[%clk 00:38:18]} {[%emt 00:03:21]} 32. Kxc4 {[%clk 00:20:30]} {[%emt
00:00:06]} Bb5+ {[%clk 00:38:42]} {[%emt 00:00:06]} 33. Kb3 {[%clk 00:20:41]}
{[%emt 00:00:06]} Bc6 {[%clk 00:38:07]} {[%emt 00:01:18]} 34. Ra5 {[%clk
00:04:15]} {[%emt 00:16:56]} Rd8 {[%clk 00:34:20]} {[%emt 00:04:16]} 35. Kc4
{[%clk 00:02:38]} {[%emt 00:02:05]} Kg7 {[%clk 00:31:56]} {[%emt 00:02:57]} 36.
Ra6 {[%clk 00:02:19]} {[%emt 00:00:48]} Ba8 {[%clk 00:29:31]} {[%emt 00:02:56]}
37. Ra7 {[%emt 00:01:20]} Kf8 {[%clk 00:26:29]} {[%emt 00:03:31]} 38. Nd7+
{[%emt 00:01:23]} Kg8 {[%clk 00:24:09]} {[%emt 00:02:49]} 39. Nb6 {[%clk
00:00:46]} {[%emt 00:00:20]} Bc6 {[%clk 00:24:04]} {[%emt 00:00:36]} 40. Rc7
{[%clk 00:01:08]} {[%emt 00:00:08]} b3 {[%clk 00:22:10]} {[%emt 00:02:24]} 41.
Kxb3 {[%clk 00:25:59]} {[%emt 00:05:40]} Bb5 {[%clk 00:51:51]} {[%emt
00:00:49]} 42. d5 {[%clk 00:24:58]} {[%emt 00:01:30]} exd5 {[%clk 00:50:30]}
{[%emt 00:01:52]} 43. Nxd5 {[%clk 00:25:14]} {[%emt 00:00:14]} Bf1 {[%clk
00:50:07]} {[%emt 00:00:53]} 44. Ne3 {[%clk 00:22:57]} {[%emt 00:02:46]} Ba6
{[%clk 00:49:13]} {[%emt 00:01:25]} 45. Kc2 {[%clk 00:19:07]} {[%emt 00:04:15]}
Bd3+ {[%clk 00:46:59]} {[%emt 00:02:48]} 46. Kc1 {[%clk 00:18:38]} {[%emt
00:00:58]} Bb5 {[%clk 00:46:59]} {[%emt 00:00:31]} 47. Rc5 {[%clk 00:17:18]}
{[%emt 00:01:49]} Ba4 {[%clk 00:46:31]} {[%emt 00:01:00]} 48. Rd5 {[%clk
00:15:40]} {[%emt 00:02:05]} Rb8 {[%clk 00:45:59]} {[%emt 00:01:05]} 49. Rd4
{[%clk 00:12:58]} {[%emt 00:03:11]} Rb3 {[%clk 00:44:07]} {[%emt 00:02:22]} 50.
Kd2 {[%clk 00:04:20]} {[%emt 00:09:07]} Rb2+ {[%clk 00:40:24]} {[%emt
00:04:14]} 51. Ke1 {[%clk 00:04:31]} {[%emt 00:00:17]} Bb5 {[%clk 00:39:15]}
{[%emt 00:01:42]} 52. Rd2 {[%clk 00:04:51]} {[%emt 00:00:10]} Rb1+ {[%clk
00:38:58]} {[%emt 00:00:47]} 53. Kf2 {[%clk 00:05:13]} {[%emt 00:00:06]} Kg7
{[%clk 00:38:48]} {[%emt 00:00:40]} 54. Kg3 {[%clk 00:05:04]} {[%emt 00:00:39]}
Re1 {[%clk 00:37:49]} {[%emt 00:01:29]} 55. Ng4 {[%clk 00:02:35]} {[%emt
00:02:55]} Bc4 {[%clk 00:35:49]} {[%emt 00:02:36]} 56. Ne5 {[%clk 00:01:59]}
{[%emt 00:01:04]} Be6 {[%clk 00:35:12]} {[%emt 00:01:08]} 57. Rb2 {[%clk
00:01:31]} {[%emt 00:00:58]} Rd1 {[%clk 00:33:10]} {[%emt 00:02:31]} 58. h4
{[%clk 00:00:35]} {[%emt 00:01:27]} h5 {[%clk 00:33:11]} {[%emt 00:00:29]} 59.
Kf4 {[%clk 00:00:35]} {[%emt 00:00:30]} Rh1 {[%clk 00:33:12]} {[%emt 00:00:29]}
60. g3 {[%clk 00:00:45]} {[%emt 00:00:17]} Rh3 {[%clk 00:32:53]} {[%emt
00:00:52]} 61. Nc6 {[%clk 00:00:38]} {[%emt 00:00:36]} Rh1 {[%clk 00:32:23]}
{[%emt 00:01:02]} 62. Nd4 {[%clk 00:00:38]} {[%emt 00:00:29]} Bc4 {[%clk
00:31:59]} {[%emt 00:00:54]} 63. Rc2 {[%clk 00:00:48]} {[%emt 00:00:19]} Bd3
{[%clk 00:32:05]} {[%emt 00:00:25]} 64. Rc7 {[%clk 00:01:10]} {[%emt 00:00:08]}
Re1 {[%clk 00:31:34]} {[%emt 00:01:01]} 65. Ne6+ {[%clk 00:01:18]} {[%emt
00:00:22]} Kg8 {[%clk 00:30:57]} {[%emt 00:01:07]} 66. Rc8+ {[%clk 00:01:38]}
{[%emt 00:00:10]} Kh7 {[%clk 00:31:13]} {[%emt 00:00:14]} 67. Ng5+ {[%clk
00:02:04]} {[%emt 00:00:04]} Kh6 {[%clk 00:31:11]} {[%emt 00:00:32]} 68. Nxf7+
{[%clk 00:01:20]} {[%emt 00:01:14]} Kg7 {[%clk 00:31:30]} {[%emt 00:00:11]} 69.
Ne5 {[%clk 00:01:43]} {[%emt 00:00:05]} Bb5 {[%clk 00:29:15]} {[%emt 00:02:47]}
70. Rc7+ {[%clk 00:02:02]} {[%emt 00:00:11]} Kf6 {[%clk 00:29:32]} {[%emt
00:00:13]} 71. Rf7+ {[%clk 00:02:00]} {[%emt 00:00:31]} Ke6 {[%clk 00:29:48]}
{[%emt 00:00:15]} 72. Rg7 {[%clk 00:02:17]} {[%emt 00:00:11]} Be8 {[%clk
00:29:57]} {[%emt 00:00:22]} 73. Rg8 {[%clk 00:01:41]} {[%emt 00:01:06]} Bf7
{[%clk 00:30:16]} {[%emt 00:00:12]} 74. Ra8 {[%clk 00:01:58]} {[%emt 00:00:10]}
Kf6 {[%clk 00:30:24]} {[%emt 00:00:24]} 75. Rf8 {[%clk 00:02:17]} {[%emt
00:00:11]} 1-0

[Event "ODJM B 2025"]
[Site "Willingen GER"]
[Date "2025.06.10"]
[Round "4"]
[White "Borukhson, Benjamin Joel"]
[Black "Bakó, Evelin"]
[Result "1-0"]
[Termination "normal"]
[Board "13"]
[WhiteElo "1717"]
[BlackElo "1637"]
[WhiteClock "00:42:29"]
[BlackClock "00:04:50"]
[PlyCount "46"]
[WhiteFideId "34612920"]
[BlackFideId "16271823"]
[EventCountry "GER"]
[EventRounds "9"]
[EventType "swiss"]
[EventDate "2025.06.07"]

1. e4 {[%clk 01:30:55]} {[%emt 00:00:04]} c5 {[%clk 01:30:47]} {[%emt
00:00:13]} 2. Nf3 {[%clk 01:31:02]} {[%emt 00:00:22]} a6 {[%clk 01:30:55]}
{[%emt 00:00:24]} 3. d4 {[%clk 01:31:14]} {[%emt 00:00:18]} cxd4 {[%clk
01:31:19]} {[%emt 00:00:06]} 4. Nxd4 {[%clk 01:31:39]} {[%emt 00:00:05]} Nf6
{[%clk 01:31:31]} {[%emt 00:00:17]} 5. Nc3 {[%clk 01:31:47]} {[%emt 00:00:21]}
e5 {[%clk 01:30:55]} {[%emt 00:01:07]} 6. Nf3 {[%clk 01:31:10]} {[%emt
00:01:07]} Bb4 {[%clk 01:30:24]} {[%emt 00:01:02]} 7. Bd3 {[%clk 01:27:17]}
{[%emt 00:04:22]} d5 {[%clk 01:24:56]} {[%emt 00:05:58]} 8. Bg5 {[%clk
01:13:14]} {[%emt 00:14:33]} Nbd7 {[%clk 00:48:25]} {[%emt 00:37:02]} 9. O-O
{[%clk 01:08:29]} {[%emt 00:05:14]} Bxc3 {[%clk 00:46:26]} {[%emt 00:02:29]}
10. bxc3 {[%clk 01:08:50]} {[%emt 00:00:09]} Qc7 {[%clk 00:41:05]} {[%emt
00:05:51]} 11. exd5 {[%clk 01:04:06]} {[%emt 00:05:15]} Nxd5 {[%clk 00:38:40]}
{[%emt 00:02:54]} 12. c4 {[%clk 01:01:40]} {[%emt 00:02:56]} N5f6 {[%clk
00:28:53]} {[%emt 00:10:17]} 13. Bxf6 {[%clk 01:00:12]} {[%emt 00:01:58]} gxf6
{[%clk 00:23:05]} {[%emt 00:06:18]} 14. Nh4 {[%clk 00:57:21]} {[%emt 00:03:21]}
Nc5 {[%clk 00:20:10]} {[%emt 00:03:25]} 15. Qf3 {[%clk 00:55:44]} {[%emt
00:02:04]} Qe7 {[%clk 00:17:34]} {[%emt 00:03:09]} 16. Rfe1 {[%clk 00:54:11]}
{[%emt 00:02:01]} Be6 {[%clk 00:15:33]} {[%emt 00:02:33]} 17. Nf5 {[%clk
00:53:14]} {[%emt 00:01:26]} Qf8 {[%clk 00:13:36]} {[%emt 00:02:28]} 18. Ne3
{[%clk 00:51:16]} {[%emt 00:02:28]} Ke7 {[%clk 00:10:46]} {[%emt 00:03:20]} 19.
Nd5+ {[%clk 00:48:58]} {[%emt 00:02:48]} Bxd5 {[%clk 00:10:37]} {[%emt
00:00:39]} 20. cxd5 {[%clk 00:48:26]} {[%emt 00:01:02]} Rd8 {[%clk 00:09:59]}
{[%emt 00:01:07]} 21. c4 {[%clk 00:46:00]} {[%emt 00:02:56]} Rd6 {[%clk
00:09:31]} {[%emt 00:00:59]} 22. Bc2 {[%clk 00:44:36]} {[%emt 00:01:53]} Kd8
{[%clk 00:07:29]} {[%emt 00:02:32]} 23. Qa3 {[%clk 00:42:29]} {[%emt 00:02:37]}
Qe7 {[%clk 00:04:50]} {[%emt 00:03:09]} 1-0

[Event "ODJM B 2025"]
[Site "Willingen GER"]
[Date "2025.06.10"]
[Round "4"]
[White "Er, Sadik Bugra"]
[Black "Gulamov, Elmir"]
[Result "1-0"]
[Termination "normal"]
[Board "14"]
[WhiteElo "1728"]
[BlackElo "1765"]
[WhiteClock "00:14:37"]
[BlackClock "00:26:42"]
[PlyCount "79"]
[WhiteFideId "34660410"]
[BlackFideId "34604332"]
[EventCountry "GER"]
[EventRounds "9"]
[EventType "swiss"]
[EventDate "2025.06.07"]

1. e4 {[%clk 01:30:56]} {[%emt 00:00:03]} e6 {[%clk 01:30:57]} {[%emt
00:00:04]} 2. d4 {[%clk 01:31:23]} {[%emt 00:00:04]} d5 {[%clk 01:31:23]}
{[%emt 00:00:03]} 3. exd5 {[%clk 01:31:49]} {[%emt 00:00:05]} exd5 {[%clk
01:31:49]} {[%emt 00:00:04]} 4. Qf3 {[%clk 01:32:08]} {[%emt 00:00:11]} Bd6
{[%clk 01:30:45]} {[%emt 00:01:34]} 5. Bd3 {[%clk 01:32:30]} {[%emt 00:00:07]}
c6 {[%clk 01:30:12]} {[%emt 00:01:03]} 6. Ne2 {[%clk 01:32:48]} {[%emt
00:00:11]} Qf6 {[%clk 01:23:07]} {[%emt 00:07:36]} 7. Bf4 {[%clk 01:27:16]}
{[%emt 00:06:02]} Bxf4 {[%clk 01:23:04]} {[%emt 00:00:33]} 8. Qxf4 {[%clk
01:26:54]} {[%emt 00:00:52]} Qxf4 {[%clk 01:21:40]} {[%emt 00:01:54]} 9. Nxf4
{[%clk 01:27:16]} {[%emt 00:00:08]} Ne7 {[%clk 01:21:39]} {[%emt 00:00:31]} 10.
O-O {[%clk 01:25:51]} {[%emt 00:01:54]} Bf5 {[%clk 01:14:07]} {[%emt 00:08:02]}
11. Re1 {[%clk 01:25:14]} {[%emt 00:01:08]} Bxd3 {[%clk 01:14:07]} {[%emt
00:00:30]} 12. Nxd3 {[%clk 01:25:06]} {[%emt 00:00:38]} Nd7 {[%clk 01:14:00]}
{[%emt 00:00:36]} 13. Nd2 {[%clk 01:25:01]} {[%emt 00:00:35]} f6 {[%clk
01:11:03]} {[%emt 00:03:28]} 14. Re2 {[%clk 01:18:15]} {[%emt 00:07:15]} Kf7
{[%clk 01:09:28]} {[%emt 00:02:05]} 15. Rae1 {[%clk 01:18:35]} {[%emt
00:00:11]} Ng6 {[%clk 01:08:53]} {[%emt 00:01:05]} 16. c3 {[%clk 01:18:17]}
{[%emt 00:00:48]} Rhe8 {[%clk 01:08:04]} {[%emt 00:01:19]} 17. Rxe8 {[%clk
01:18:08]} {[%emt 00:00:39]} Rxe8 {[%clk 01:08:32]} {[%emt 00:00:03]} 18. Rxe8
{[%clk 01:18:28]} Kxe8 {[%clk 01:08:59]} {[%emt 00:00:12]} 19. f3 {[%clk
01:16:45]} {[%emt 00:02:13]} Ke7 {[%clk 01:09:17]} {[%emt 00:00:12]} 20. Kf2
{[%clk 01:17:10]} {[%emt 00:00:05]} Kd6 {[%clk 01:08:16]} {[%emt 00:01:31]} 21.
g3 {[%clk 01:13:54]} {[%emt 00:03:45]} c5 {[%clk 01:08:05]} {[%emt 00:00:42]}
22. dxc5+ {[%clk 01:14:04]} {[%emt 00:00:20]} Nxc5 {[%clk 01:08:30]} {[%emt
00:00:06]} 23. Nxc5 {[%clk 01:14:29]} {[%emt 00:00:05]} Kxc5 {[%clk 01:08:56]}
{[%emt 00:00:03]} 24. Ke3 {[%clk 01:13:36]} {[%emt 00:01:22]} Ne5 {[%clk
01:08:59]} {[%emt 00:00:28]} 25. b4+ {[%clk 01:04:05]} {[%emt 00:10:01]} Kd6
{[%clk 01:03:17]} {[%emt 00:06:12]} 26. a4 {[%clk 01:00:43]} {[%emt 00:03:52]}
Nc6 {[%clk 01:02:20]} {[%emt 00:01:28]} 27. Nb3 {[%clk 00:59:37]} {[%emt
00:01:35]} a6 {[%clk 00:52:51]} {[%emt 00:10:00]} 28. f4 {[%clk 00:57:15]}
{[%emt 00:02:51]} b6 {[%clk 00:51:06]} {[%emt 00:02:16]} 29. Nd4 {[%clk
00:50:08]} {[%emt 00:07:36]} Ne7 {[%clk 00:50:15]} {[%emt 00:01:22]} 30. g4
{[%clk 00:49:52]} {[%emt 00:00:45]} g6 {[%clk 00:50:16]} {[%emt 00:00:29]} 31.
h4 {[%clk 00:40:14]} {[%emt 00:10:07]} h6 {[%clk 00:49:06]} {[%emt 00:01:41]}
32. Kf3 {[%clk 00:31:17]} {[%emt 00:09:27]} Nc8 {[%clk 00:42:05]} {[%emt
00:07:31]} 33. h5 {[%clk 00:25:20]} {[%emt 00:06:27]} gxh5 {[%clk 00:41:15]}
{[%emt 00:01:20]} 34. gxh5 {[%clk 00:25:26]} {[%emt 00:00:24]} Kd7 {[%clk
00:30:32]} {[%emt 00:11:13]} 35. Nf5 {[%clk 00:15:33]} {[%emt 00:10:23]} Ke6
{[%clk 00:30:36]} {[%emt 00:00:26]} 36. Kg4 {[%clk 00:15:26]} {[%emt 00:00:37]}
Ne7 {[%clk 00:29:32]} {[%emt 00:01:34]} 37. Nxh6 {[%clk 00:15:18]} {[%emt
00:00:38]} d4 {[%clk 00:26:05]} {[%emt 00:03:57]} 38. cxd4 {[%clk 00:15:17]}
{[%emt 00:00:31]} Nd5 {[%clk 00:26:20]} {[%emt 00:00:15]} 39. Nf5 {[%clk
00:14:40]} {[%emt 00:01:05]} Nxb4 {[%clk 00:26:42]} {[%emt 00:00:10]} 40. h6
{[%clk 00:14:37]} {[%emt 00:00:33]} 1-0